Formulación a nivel de factibilidad de construcción de complejo social de desarrollo temprano para la niñez y adolescencia en comunidad de Tepeyac departamento de Granada
Presenta un diagnóstico de la zona de Tepeyac a través de datos estadísticos del Instituto Nacional de Información de Desarrollo (INIDE), Ministerio de Salud. La población directamente beneficiada del proyecto corresponde a 3012 habitantes, la comunidad no cuenta con infraestructura para un cen...
| Main Author: | |
|---|---|
| Other Authors: | |
| Format: | Tesis Section = Libro |
| Language: | Undetermined Spanish |
| Published: |
Managua
UNI
2017
|
| Subjects: |
| LEADER | 01307nam a2200253Ia 4500 | ||
|---|---|---|---|
| 008 | 240830s9999 xx 000 0 und d | ||
| 040 | |a BIBLIOTECA-RUPAP Mon 658.404 O77 | ||
| 041 | |a spa | ||
| 082 | |a Mon 658.404 O77 | ||
| 100 | 1 | |a Ortega Álvarez, Ervin Antonio | |
| 245 | 1 | 0 | |a Formulación a nivel de factibilidad de construcción de complejo social de desarrollo temprano para la niñez y adolescencia en comunidad de Tepeyac departamento de Granada |
| 260 | |a Managua |b UNI |c 2017 | ||
| 300 | |a 80 p. :il. | ||
| 500 | |a Contiene: anexos e Incluye: CD. | ||
| 502 | |a Tesis (Ingeniero Civil)- UNI, 2017. | ||
| 520 | 3 | |a Presenta un diagnóstico de la zona de Tepeyac a través de datos estadísticos del Instituto Nacional de Información de Desarrollo (INIDE), Ministerio de Salud. La población directamente beneficiada del proyecto corresponde a 3012 habitantes, la comunidad no cuenta con infraestructura para un centro de salud. Asimismo aborda un estudio de mercado, análisis financiero y económico del proyecto. | |
| 650 | 7 | |a CONSTRUCCION DE EDIFICIOS-PUESTO DE SALUD-PROYECTOS | |
| 650 | 7 | |b ESTUDIO DE MERCADO | |
| 650 | 7 | |c ESTUDIO FINANCIERO | |
| 650 | 7 | |d ESTUDIO DE FACTIBILIDAD | |
| 700 | 1 | |a Tutor: |b Toruño Villavicencio, Mayra | |
| 942 | |c BK |2 ddc | ||
| 991 | |a TESIS | ||
| 999 | |c 17387 | ||